00311nam a2200121Ia 4500008004100000020002200041041000800063082002400071100001700095245003400112260003400146300000900180230411s9999 xx 000 0 und d a978-93-87791-18-3 aeng aAD/610.7/HIN/B08935 aN Ravi Kumar aThe Hindu Speaks on Education bTHG PublishingaChennaic2018 a390p